The indo-pak clash in the rann of kutch / (Record no. 185699)
[ view plain ]
| 000 -LEADER | |
|---|---|
| fixed length control field | 00967 a2200181 4500 |
| 003 - CONTROL NUMBER IDENTIFIER | |
| control field | NUST |
| 005 - DATE AND TIME OF LATEST TRANSACTION | |
| control field | 20221226131727.0 |
| 040 ## - CATALOGING SOURCE | |
| Transcribing agency | Nust |
| 082 ## - DEWEY DECIMAL CLASSIFICATION NUMBER | |
| Classification number | 355.02,SAE |
| 100 ## - MAIN ENTRY--PERSONAL NAME | |
| Personal name | Saeed, Ahmad |
| 9 (RLIN) | 46147 |
| 245 ## - TITLE STATEMENT | |
| Title | The indo-pak clash in the rann of kutch / |
| Statement of responsibility, etc. | Saeed Ahmad, |
| Medium | Forward by Maj General (R) Fazal Muqeem Khan |
| 260 ## - PUBLICATION, DISTRIBUTION, ETC. | |
| Place of publication, distribution, etc. | Rawalpindi |
| Name of publisher, distributor, etc. | Aemy Education Press |
| Date of publication, distribution, etc. | 1965 |
| 300 ## - PHYSICAL DESCRIPTION | |
| Extent | 149 p.: |
| Other physical details | illus |
| Dimensions | 18 cm |
| 505 ## - FORMATTED CONTENTS NOTE | |
| Formatted contents note | Historical Perspective (Page-1), The Dispute (Page-8), Prelude to War-1(Page-20), Prelude to War-ii: The Man oeuvres (APge-33), Operation Desert Hawk (51 Brigade Action ) (Page-42), A Brief Interlude (Page-61), Operation Desert Hawk – ii (Page-70), Operation Desert Hawk -iii(6 Brigade Action ) (Page-84), Consolidation of Military Gains (Page-98), Analysis of Military Operations (Page-108), The Epilogue (Page-113) . |
| 600 ## - SUBJECT ADDED ENTRY--PERSONAL NAME | |
| Personal name | Ahmad, Saeed |
| 650 ## - SUBJECT ADDED ENTRY--TOPICAL TERM | |
| Topical term or geographic name entry element | The indo-pak clash in the rann of kutch |
| 9 (RLIN) | 105946 |
| 942 ## - ADDED ENTRY ELEMENTS (KOHA) | |
| Source of classification or shelving scheme | |
| Koha item type | Book |
| Call number prefix | 355.02,SAE |
| Withdrawn status | Lost status | Source of classification or shelving scheme | Damaged status | Not for loan | Permanent Location | Current Location | Shelving location | Date acquired | Total Checkouts | Full call number | Barcode | Date last seen | Date last checked out | Price effective from | Koha item type | Public note |
|---|---|---|---|---|---|---|---|---|---|---|---|---|---|---|---|---|
| Military College of Signals (MCS) | Military College of Signals (MCS) | General Stacks | 12/12/2016 | 3 | 355.02,SAE | MCS21877 | 02/07/2025 | 01/27/2025 | 12/12/2016 | Book | Almirah No.52, Shelf No.3 |
